Vysokonapäťový kábel s izoláciou z plastických látok a s polovodivou vrstvou na jadre

Bibliographic Details
Main Author: Krajčíová, J. (Author)
Format: Article
Language:Slovak

MARC

LEADER 00000nab a2200000 a 4500
001 vtls010703712
003 SK-MaSNL
005 20260304195027.0
008 250709s1960 xo |||||||||||||||||slo|
035 |a (urnnbn)urn:nbn:sk:snk:ar-a03wi4 
035 |a (uuid)7a1919d2-c922-478e-be65-ce865d8c494d 
035 |a urn:nbn:sk:snk-ab38np 
040 |a SNKBUCL  |b slo  |c SNKBUCL  |e AACR2 
041 0 |a slo 
044 |a xo  |c SK 
100 1 |a Krajčíová, J.  |4 aut  |9 1147732 
245 1 0 |a Vysokonapäťový kábel s izoláciou z plastických látok a s polovodivou vrstvou na jadre  |c J. Krajčíová 
773 0 |t Bulletin VÚKI  |g Roč. 13, č. 6 (1960), s. 290 
850 |a Slovenská národná knižnica 
852 |a Slovenská národná knižnica 
958 |a article1 
958 |a OND 
999 |c 3078611  |d 3080541